<?xml version="1.0" encoding="UTF-8"?>
<record
    xmlns:xsi="http://www.w3.org/2001/XMLSchema-instance"
    xsi:schemaLocation="http://www.loc.gov/MARC21/slim http://www.loc.gov/standards/marcxml/schema/MARC21slim.xsd"
    xmlns="http://www.loc.gov/MARC21/slim">

  <leader>01049nam a2200193   4500</leader>
  <controlfield tag="005">20260210112618.0</controlfield>
  <controlfield tag="008">260204b        |||||||| |||| 00| 0 eng d</controlfield>
  <datafield tag="020" ind1=" " ind2=" ">
    <subfield code="a">9780764366901</subfield>
  </datafield>
  <datafield tag="041" ind1=" " ind2=" ">
    <subfield code="a">English</subfield>
  </datafield>
  <datafield tag="082" ind1=" " ind2=" ">
    <subfield code="b">BRA</subfield>
    <subfield code="a">746.1</subfield>
  </datafield>
  <datafield tag="100" ind1=" " ind2=" ">
    <subfield code="a">Brandeis Susan</subfield>
    <subfield code="9">216592</subfield>
  </datafield>
  <datafield tag="245" ind1=" " ind2=" ">
    <subfield code="a">Cumulative Cloth Wet Techniques: A Guide to Fabric Color, Pattern, Construction, and Embellishment</subfield>
  </datafield>
  <datafield tag="260" ind1=" " ind2=" ">
    <subfield code="b">Schiffer Craft</subfield>
    <subfield code="c">2023</subfield>
  </datafield>
  <datafield tag="300" ind1=" " ind2=" ">
    <subfield code="a">286</subfield>
  </datafield>
  <datafield tag="365" ind1=" " ind2=" ">
    <subfield code="b">3635.49</subfield>
    <subfield code="c">Rs.00</subfield>
  </datafield>
  <datafield tag="520" ind1=" " ind2=" ">
    <subfield code="a">Introduction
Chapter 1: Dyes And Dyeing: Choosing Expressive Foundation Color
Chapter 2: Resist Dyeing (Shibori): Adding Pattern With Dyes
Chapter 3: Direct Application: Drawing And Painting With Pigments
Chapter 4: Screen Printing: Repetition And Composition
Chapter 5: Digital Printing: Scanned Or Photographic Images Of Cloth
Chapter 6: Discharge: Removing Color
Appendix A: Finishing Techniques
Appendix B: Materials, Tools, And Equipment
Appendix C: Keeping Samples: Your Cumulative Cloth "Library" And "Toolbox"
</subfield>
  </datafield>
  <datafield tag="650" ind1=" " ind2=" ">
    <subfield code="a">Dyeing</subfield>
  </datafield>
  <datafield tag="942" ind1=" " ind2=" ">
    <subfield code="c">BK</subfield>
  </datafield>
  <datafield tag="999" ind1=" " ind2=" ">
    <subfield code="c">370308</subfield>
    <subfield code="d">370308</subfield>
  </datafield>
  <datafield tag="952" ind1=" " ind2=" ">
    <subfield code="0">0</subfield>
    <subfield code="1">0</subfield>
    <subfield code="2">ddc</subfield>
    <subfield code="4">0</subfield>
    <subfield code="7">0</subfield>
    <subfield code="a">SOFT</subfield>
    <subfield code="b">SOFT</subfield>
    <subfield code="d">2026-02-03</subfield>
    <subfield code="e">Design Book Studio</subfield>
    <subfield code="g">3635.49</subfield>
    <subfield code="i">284</subfield>
    <subfield code="l">0</subfield>
    <subfield code="o">BRA</subfield>
    <subfield code="p">SOFT-BK-4933</subfield>
    <subfield code="r">2026-02-04 12:22:43</subfield>
    <subfield code="t">33%</subfield>
    <subfield code="v">5426.10</subfield>
    <subfield code="w">2025-12-12</subfield>
    <subfield code="y">BK</subfield>
  </datafield>
</record>
